| 000 | 00977nas a2200337 4500 | ||
|---|---|---|---|
| 001 | BR8107355 | ||
| 003 | BR-BrBNA | ||
| 005 | 20231205084905.0 | ||
| 007 | ta | ||
| 008 | 230509b bl.|||p| |||| 00| 00por d | ||
| 040 |
_aBR-BrBNA _bpor _cBiblioteca Nacional de Agricultura |
||
| 041 | _a(Pt) | ||
| 072 | _aL30; L50 | ||
| 100 | 1 | _aLourenco, A.J. | |
| 100 | 1 | _aMatsui, E. | |
| 245 | 1 | _aAvaliacao da proporcao de graminea e leguminosa na dieta de bovinos por determinacao de isotopos naturais estaveis nas fezes | |
| 650 | _aBOVINO | ||
| 650 | _aGRAMINEA FORRAGEIRA | ||
| 650 | _aLEGUMINOSA FORRAGEIRA | ||
| 650 | _aDIETA | ||
| 650 | _aVOLUMOSOS | ||
| 650 | _aDIGESTIBILIDADE | ||
| 650 | _aPROTEINA | ||
| 650 | _aMINERAL | ||
| 650 | _aMETABOLISMO | ||
| 650 | _aISOTOPO | ||
| 650 | _aFEZES | ||
| 773 | 0 |
_tZootecnia (Brazil) _xISSN 0044-5320 _g(Jan-Mar 1981), v. 19(1) p. 5-15 _wBR8107355 |
|
| 909 |
_a202311 _bLúcia _c55 _dLúcia Elande |
||
| 942 |
_2AGRIS _n0 _cANA |
||
| 999 |
_c107936 _d107936 |
||